Technology mission on drinking water in villages: (Record no. 46087)
[ view plain ]
| 000 -LEADER | |
|---|---|
| fixed length control field | 00585nam a22001337a 4500 |
| 008 - FIXED-LENGTH DATA ELEMENTS--GENERAL INFORMATION | |
| fixed length control field | 230622b |||||||| |||| 00| 0 eng d |
| 040 ## - CATALOGING SOURCE | |
| Original cataloging agency | National Science Library |
| Transcribing agency | National Science Library |
| 080 ## - UNIVERSAL DECIMAL CLASSIFICATION NUMBER | |
| Universal Decimal Classification number | I 628.1(1-22) |
| Item number | M6 |
| 245 ## - TITLE STATEMENT | |
| Title | Technology mission on drinking water in villages: |
| Remainder of title | Mission oriented programme govt. of India |
| Statement of responsibility, etc. | / Consolidated report of drinking water quality assessment studies Aizawl district Mizoram, Mirzapur district Uttar Pradesh |
| 260 ## - PUBLICATION, DISTRIBUTION, ETC. | |
| Place of publication, distribution, etc. | Lucknow: |
| Name of publisher, distributor, etc. | Industrial Toxiology Research Centre, |
| Date of publication, distribution, etc. | 1987 |
| 300 ## - PHYSICAL DESCRIPTION | |
| Extent | 33p. |
| 650 ## - SUBJECT ADDED ENTRY--TOPICAL TERM | |
| Topical term or geographic name entry element | Report |
| 942 ## - ADDED ENTRY ELEMENTS (KOHA) | |
| Source of classification or shelving scheme | Universal Decimal Classification |
| Koha item type | Reports |
| Withdrawn status | Lost status | Source of classification or shelving scheme | Damaged status | Not for loan | Home library | Current library | Shelving location | Date acquired | Total Checkouts | Full call number | Barcode | Date last seen | Price effective from | Koha item type |
|---|---|---|---|---|---|---|---|---|---|---|---|---|---|---|
| Universal Decimal Classification | National Science Library | National Science Library | GF/Rk-13/C-16/R-4 | 16/09/1987 | I 628.1(1-22) M6 | 168573 | 22/06/2023 | 16/09/1987 | Reports |